000 01077cam a22003253a 4500
001 1130
003 PGUSA
005 20140828082957.0
008 971201s1997||||xxu|||||s|||||000 | eng d
040 _aPGUSA
_beng
042 _adc
050 4 _aPR
100 1 _aShakespeare, William,
_d1564-1616
245 1 4 _aThe Tragedy of Antony and Cleopatra
_h[electronic resource] /
_cWilliam Shakespeare
260 _bProject Gutenberg,
_c1997
500 _aWorld Library
506 _aCopyrighted. Read the copyright notice inside this book for details.
516 _aElectronic text
653 _aAntonius, Marcus, 83?-30 B.C. -- Drama
653 _aGenerals -- Rome -- Drama
653 _aRome -- History -- Civil War, 43-31 B.C. -- Drama
653 _aCleopatra, Queen of Egypt, d. 30 B.C. -- Drama
653 _aEgypt -- History -- 332-30 B.C. -- Drama
653 _aQueens -- Egypt -- Drama
653 _aTragedies
653 _aRomans -- Egypt -- Drama
830 0 _aProject Gutenberg
_v1130
856 4 0 _uhttp://www.gutenberg.org/ebooks/1130
942 _cEB
999 _c230478
_d230478